20 Most Streamed Songs from 2012 on Spotify - Statistics

General Stats
  • This quiz has been taken 261 times
    257 since last reset
  • The average score is 15 of 20
Answer Stats
Artist Song % Correct
Rihanna Diamonds
95%
Rihanna Stay
95%
Bruno Mars When I Was Your Man
92%
Bruno Mars Locked out of Heaven
92%
Imagine Dragons Demons
91%
Imagine Dragons Radioactive
91%
Macklemore Can't Hold Us
90%
Macklemore Thrift Shop
90%
Carly Rae Jepsen Call Me Maybe
89%
Maroon 5 Payphone
87%
Nicki Minaj Starships
85%
One Direction What Makes You Beautiful
81%
Pitbull Timber
81%
P!nk Just Give Me a Reason
73%
fun. We Are Young
66%
The Lumineers Ho Hey
55%
The Script Hall Of Fame
49%
Swedish House Mafia Don't You Worry Child
47%
Of Monsters and Men Little Talks
31%
MKTO Classic
28%
No matching quizzes found
Score Distribution
Percent of People with Each Score
Percentile by Number Answered
Your Score History
You have not taken this quiz since the last reset